000 00517nam a2200145Ia 4500
041 _aArabic
082 _a320,1 cut-282 ك
100 _a20260118u\\\\\\\\\\\y0engy0103\\\\ba
100 _aد.نەژدەت ئاکرەیى
245 0 _aهەرێمى کوردستان وچەند لاایەنێکى ئاسایشى نەتەوەیى خوێندنەوەیەکى سیاسى ویاسایى
250 _aط1
260 _bچاپخانە زانکۆى سەلاحەدین
_aهەوڵیر
_c2011
300 _a197
942 _cBk
999 _c189621
_d189621